|
|
|
|
| LEADER |
01610cas a2200229 a 4500 |
| 001 |
AALejournalIMF021501 |
| 008 |
230101c9999 xx r poo 0 0eng d |
| 020 |
|
|
|c 5.00 USD
|
| 020 |
|
|
|z 9781513569383
|
| 022 |
|
|
|a 1018-5941
|
| 040 |
|
|
|a BD-DhAAL
|c BD-DhAAL
|
| 245 |
1 |
0 |
|a Judge Bias in Labor Courts and Firm Performance.
|
| 264 |
|
1 |
|a Washington, D.C. :
|b International Monetary Fund,
|c 2021.
|
| 300 |
|
|
|a 1 online resource (72 pages)
|
| 490 |
1 |
|
|a IMF Working Papers
|
| 500 |
|
|
|a <strong>Off-Campus Access:</strong> No User ID or Password Required
|
| 500 |
|
|
|a <strong>On-Campus Access:</strong> No User ID or Password Required
|
| 506 |
|
|
|a Electronic access restricted to authorized BRAC University faculty, staff and students
|
| 520 |
3 |
|
|a Does labor court uncertainty and judge subjectivity influence firms' performance? We study the economic consequences of judge decisions by collecting information on more than 145,000 Appeal court rulings, combined with administrative firm-level records covering the whole universe of French firms. The quasi-random assignment of judges to cases reveals that judge bias has statistically significant effects on the survival, employment, and sales of small low-performing firms. However, we find that the uncertainty associated with the actual dispersion of judge bias is small and has a non-significant impact on their average outcomes.
|
| 538 |
|
|
|a Mode of access: Internet
|
| 830 |
|
0 |
|a IMF Working Papers; Working Paper ;
|v No. 2021/031
|
| 856 |
4 |
0 |
|z Full text available on IMF
|u http://elibrary.imf.org/view/journals/001/2021/031/001.2021.issue-031-en.xml
|z IMF e-Library
|